| 000 | 00675nam a22001937a 4500 | ||
|---|---|---|---|
| 005 | 20180327110318.0 | ||
| 010 | _a1718EN-30 | ||
| 020 |
_a9780670089635 _c599.00 |
||
| 035 | _aB-683413-424 | ||
| 037 |
_bBSB _adpl |
||
| 082 | _aN | ||
| 100 | _aRoy, Arundhti | ||
| 245 |
_aThe ministry of utmost happiness / _cby Arundhti Roy |
||
| 260 |
_aGurgaon _bPenguin _c2017 |
||
| 270 |
_a7th Floor, Infinity Tower C, DLF Cyber City, _bGurgaon _e122002 |
||
| 300 |
_a445p. _c21cm(Hb) |
||
| 942 |
_2ddc _cEN _hN _mROY |
||
| 999 |
_c146066 _d146066 |
||